01051nam a2200217Ia 4500003000900000008004100009020001800050040001600068080002300084111010100107245025500208260004800463300001700511490002700528650004600555700003000601710003700631942000700668999001700675952014100692IN-BaIIA211028s9999 xx 000 0 eng d a0-521-86347-3 cIIA Library a082.2:52bIAU-S238 aSymposium of the International Astronomical Unionn238thcCzech Republicd2006 Aug. 21-25930912 0aBlack holes from stars to galaxies-across the range of massesbproceedings of the 238th symposium of the IAU held in Prague, Czech Republic, 21-25 August, 2006cedited by Vladimir Karas and Giorgio Matt  aCambridgebCambridge University Pressc2007 axviii, 482p. aIAU symposium; no. 238 aBlack holes (Astronomy)-Congresses924780 aMatt, Giorgio, ed.930913 aInternational Astronomical Union cBK c16601d16601 00104070aBANbBANcGENd2007-08-30eEDS g5137.00l0o082.2:52/ IAU-S238p17523r2021-11-05v5137.00w2007-08-30yBKGRs. 5137.00